Paroles : Nuit de Folie - Début de soirée - Statistiques

Statistiques générales
  • Ce quiz a été pris 215 fois
  • Le résultat moyen est 348 sur 467
Statistiques - réponses
Paroles % Correct
de
96%
la
95%
La
95%
nuit
95%
tu
95%
Tu
95%
ce
94%
Ce
94%
ces
93%
Et
93%
et
93%
t'a
93%
ta
93%
te
92%
bout
91%
c'est
91%
C'est
91%
façon
90%
le
90%
Le
90%
qui
90%
tapes,
90%
chantes,
89%
chantes
89%
d'aimer
89%
En
89%
en
89%
folie
89%
jusqu'au
89%
plaît
88%
refrain
88%
rythme
88%
t'entraîne
88%
a
87%
à
87%
toi
87%
Toi
87%
du
86%
Réveille
84%
un
83%
d'un
82%
dans
80%
Dans
80%
musique
80%
tourbillon
80%
vent
79%
au
78%
que
78%
se
77%
tes
77%
Tes
77%
une
77%
Une
77%
pour
76%
son
76%
ça
75%
des
73%
doigts
72%
pas
72%
Pas
72%
Y
72%
y
72%
fond
71%
Ton
71%
ton
71%
est
70%
les
70%
Les
70%
vie
70%
dis
69%
fait
68%
vive
68%
sans
67%
sens
67%
qu'on
66%
haut
65%
il
65%
Il
65%
saison
65%
mon
64%
plus
64%
Plus
64%
On
63%
on
63%
piste
63%
cadence
62%
danses
62%
danseurs
62%
faite
62%
décibels
60%
majeurs
60%
accords
59%
donnée
59%
vers
59%
si
58%
soir
58%
américaine
57%
mal
57%
point
57%
chaud
55%
coeur
55%
connaîtras
55%
donnes
54%
funk
54%
mains
54%
Mais
54%
nos
54%
trouvé
54%
idées
53%
noires
53%
Tant
52%
mélodie
51%
monte
51%
nous
51%
t'emmène
50%
choses
49%
grâce
49%
notes
49%
saphir
49%
chanter
48%
Je
47%
pick-up
47%
d'une
46%
marchant
46%
placard
46%
danser
45%
délire,
45%
monde,
45%
check-up
44%
ennui
43%
café
42%
moments-là
41%
pourront
41%
Quand
41%
guitare
40%
ranges
40%
tempo
40%
commencée
39%
renversé
39%
était
38%
journée
38%
basse
37%
reviendrons
37%
bien
35%
funky
35%
mes
34%
dessines
33%
ne
30%
sentais
29%
tiens
29%
choc
28%
va
27%
frappe
26%
souvenirs
26%
détalé
25%
flash
24%
j'avais
24%
batteur
23%
caisse
23%
car
23%
tombé,
23%
choqué,
22%
choque
22%
gomme
22%
cassée
21%
jockey
21%
sourire,
21%
succès
21%
sucre
21%
tard
21%
dernier
20%
peut
20%
sait,
20%
s'éclate
20%
disc
19%
Mettant
18%
mourir
18%
soupir
18%
vieux
18%
avant
16%
tous
16%
chromes
15%
Lorsqu'on
15%
trépasser
15%
chacun
14%
craquent
12%
gardé
11%
souffle
10%
voir
8%
sort
5%
Aucun quiz correspondant
Distribution des résultats
% des personnes avec chaque résultat
Percentile par nombre de réponses
Votre historique - résultats
Vous n’avez pas pris ce quiz